000 00642nab a2200193 4500
001 244442
003 OSt
005 20250310104514.0
007 tu
008 200917s2020|||||||
040 _aDE-2950
_cDE-2950
245 0 0 _aWowi-Neubau endlich fertig
_bImmobilien. Die Wohnungswirtschaft Frankfurt (O) hat ihr großes Projekt "Marienkirchblick" in der Großen Oderstraße fertiggestellt/
_cRené Matschkowiak
264 _c2024
653 _aFrankfurt (Oder)
653 _aWohnungswirtschaft
654 _2"Marienkirchblick"
773 0 _g36. Jahrgang (2025) Nr. 51 vom 01.03.2025, S. 19 mit Foto
_tMärkische Oderzeitung
942 _2z
_cA
999 _c373636
_d373636